01432nam a22003854a 4500001001200000003000800012006001900020007001500039008004100054010001700095015001900112016001800131020002800149020003500177020001800212020001800230040002100248035002000269050002400289082001400313100002000327245014300347260004300490300002400533500002300557504006600580533015200646650001500798650001900813655002900832700001900861700002300880710001700903856012600920ebr10173549CaPaEBRm u cr cn|||||||||051116s2006 maua sb 001 0 eng  z 2005058030 aGBA6208972bnb7 z0133971412Uk z0262033518 (alk. paper) z0262532816 (pbk. : alk. paper) z9780262532815 z9780262033510 aCaPaEBRcCaPaEBR a(OCoLC)7606468414aBF311b.C732 2006eb04a152.42221 aCrandall, Beth.10aWorking mindsh[electronic resource] :ba practitioner's guide to cognitive task analysis /cBeth Crandall, Gary Klein, Robert R. Hoffman. aCambridge, Mass. :bMIT Press,cc2006. axii, 332 p. :bill. a"A Bradford book." aIncludes bibliographical references (p. [287]-313) and index. aElectronic reproduction.bPalo Alto, Calif. :cebrary,d2013.nAvailable via World Wide Web.nAccess may be limited to ebrary affiliated libraries. 0aCognition. 0aTask analysis. 7aElectronic books.2local1 aKlein, Gary A.1 aHoffman, Robert R.2 aebrary, Inc.40uhttp://site.ebrary.com/lib/rucke/Doc?id=10173549zAn electronic book accessible through the World Wide Web; click to view